| 000 | 00736nam a2200217 a 4500 | ||
|---|---|---|---|
| 003 | MX-MxUPN | ||
| 005 | 20220617133347.0 | ||
| 008 | 220302t1976 cu a|||br|||| 000 0 spa d | ||
| 040 |
_aMX-MxUPN _bspa _cMX-MxUPN |
||
| 041 | 0 | _aspa | |
| 049 | _aLT | ||
| 050 | 4 |
_aLB1585 _bC9.215 1976 |
|
| 100 | 1 |
_aSilvestre Oramas, Margarita _943860 |
|
| 245 | 1 | 0 |
_aBotánica 1 : _bquinto grado / _cMargarita Silvestre, Rosa María Angulo. |
| 260 |
_aCiudad de La Habana : _bEditorial Pueblo y Educación, _c©1976. |
||
| 300 |
_a244 páginas : _bilustraciones a color. |
||
| 650 | 4 |
_aBotánica _xEstudio y enseñanza (Elemental) _9837 |
|
| 650 | 4 |
_aBotánica _vLibros de texto _944380 |
|
| 700 | 1 |
_aAngulo, Rosa María _943861 _ecoaut. |
|
| 905 | _aLibro | ||
| 999 |
_c208190 _d208190 |
||